[Event "Bayern-ch (Women)"]
[Site "Westerndorf St Peter"]
[Date "2013.08.30"]
[Round "8"]
[White "Billing, Kerstin"]
[Black "Rascher, Helena"]
[Result "1-0"]
[WhiteElo "1714"]
[BlackElo "1257"]
[PlyCount "27"]
[EventDate "2013.08.25"]
[EventType "swiss"]
[EventRounds "9"]
[EventCountry "GER"]
[SourceTitle "EXT 2019"]
[Source "ChessBase"]
[SourceDate "2018.10.10"]
[SourceVersion "1"]
[SourceVersionDate "2018.10.10"]
[SourceQuality "1"]

1. e4 c5 2. Nf3 Nc6 3. Bc4 d6 4. 0-0 Nf6 5. d3 Nd4 6. Nxd4 cxd4 7. a3 e5 8. f4 Be7 9. f5 Qb6 10. b4 g5 11. fxg6 hxg6 12. Bg5 Qd8 13. Bxf6 Bxf6 14. Qf3 1-0

[Event "Bayern-ch (Women)"]
[Site "Westerndorf St Peter"]
[Date "2013.08.28"]
[Round "6"]
[White "Zabarska, Natalia"]
[Black "Billing, Kerstin"]
[Result "1-0"]
[WhiteElo "1836"]
[BlackElo "1714"]
[PlyCount "73"]
[EventDate "2013.08.25"]
[EventType "swiss"]
[EventRounds "9"]
[EventCountry "GER"]
[SourceTitle "EXT 2019"]
[Source "ChessBase"]
[SourceDate "2018.10.10"]
[SourceVersion "1"]
[SourceVersionDate "2018.10.10"]
[SourceQuality "1"]

1. e4 e5 2. f4 exf4 3. Nf3 Bc5 4. Bc4 d6 5. d4 Bb6 6. Bxf4 Bg4 7. c3 Bxf3 8. Qxf3 Nc6 9. 0-0 Qf6 10. Nd2 0-0-0 11. Qg4+ Kb8 12. Bg5 Bxd4+ 13. Kh1 Qe5 14. cxd4 Qxd4 15. Bxd8 Nh6 16. Qe2 Rxd8 17. Nb3 Qe5 18. Bxf7 d5 19. Bxd5 a6 20. Bxc6 bxc6 21. Qxa6 Ng4 22. g3 Qxe4+ 23. Kg1 Qe3+ 24. Kg2 Qh6 25. h4 Ne3+ 26. Kg1 Nxf1 27. Rxf1 Qe3+ 28. Kh2 Re8 29. Qc4 Kc8 30. Qxc6 Qe2+ 31. Qg2 Qb5 32. Nc5 Qa6 33. Qd5 Rd8 34. Qe6+ Kb8 35. Qe7 Qb6 36. Qxd8+ Ka7 37. Qd4 1-0